Acústica musical y Organología.

Gespeichert in:
Bibliographische Detailangaben
1. Verfasser: Olazábal, Tirso de (autor)
Format: Buch
Sprache:Spanisch
Veröffentlicht: Buenos Aires, Argentina Ricordi Americana 1954
Schriftenreihe:Manuales Musicales. BA 10997
Schlagworte:
Tags: Tag hinzufügen
Keine Tags, Fügen Sie den ersten Tag hinzu!

MARC

LEADER 00000nam a2200000 a 4500
001 UCL5548
003 CL-VaPUC
005 20250115112933.0
008 040312e19540000AG |||||||||||||||||spa|d
999 |c 308073  |d 308071 
020 |a 9502201884 
040 |c Pontificia Universidad Católica de Valparaíso 
082 0 4 |a 781.23 OLA 1954  |2 21 
100 |a Olazábal, Tirso de  |e autor  |9 483272 
245 1 0 |a Acústica musical y Organología. 
260 0 3 |a Buenos Aires, Argentina  |b Ricordi Americana  |c 1954 
300 |a 174 páginas 
490 0 |a Manuales Musicales.  |v BA 10997 
583 |a last modification  |c 20040312 00:00:00  |k Rodrigo Vera 
650 0 |a Acústica   |9 265389 
650 0 |a Ondas sonoras  |9 322250 
650 0 |a Instrumentos musicales  |9 306600 
942 |c BK  |2 ddc 
945 |d 20040312 00:00:00  |a cmena 
952 |0 0  |1 0  |2 ddc  |4 0  |6 781_230000000000000_OLA_1954  |7 0  |8 A  |9 374307  |a BIBEDU  |b BIBEDU  |d 2019-11-21  |i 3981991  |o 781.23 OLA 1954  |p 3981991  |r 2023-01-12  |t 1  |w 2019-11-21  |y BK  |k MUS 
952 |0 0  |1 0  |2 ddc  |4 0  |6 781_230000000000000_OLA_1954  |7 0  |8 A  |9 374308  |a BIBEDU  |b BIBEDU  |d 2019-11-21  |i 3981983  |o 781.23 OLA 1954  |p 3981983  |r 2023-01-12  |t 2  |w 2019-11-21  |y BK  |k MUS